Moshe Dayan (Record no. 355372)

000 -LEADER
fixed length control field 00401cam a22001457a 4500
008 - FIXED-LENGTH DATA ELEMENTS--GENERAL INFORMATION
fixed length control field 180718b1980 xxu||||| |||| 00| 0 eng d
082 ## - DEWEY DECIMAL CLASSIFICATION NUMBER
Classification number A99 D334 T299
100 ## - MAIN ENTRY--PERSONAL NAME
Personal name Teveth, Shabtai
245 ## - TITLE STATEMENT
Title Moshe Dayan
Statement of responsibility, etc. by Shabtai Teveth, tr. by David Zinder
250 ## - EDITION STATEMENT
Edition statement Indian ed.
260 ## - PUBLICATION, DISTRIBUTION, ETC.
Place of publication, distribution, etc. Delhi
Name of publisher, distributor, etc. English Book Store
Date of publication, distribution, etc. 1980
300 ## - PHYSICAL DESCRIPTION
Extent 426p.
650 ## - SUBJECT ADDED ENTRY--TOPICAL TERM
Topical term or geographic name entry element Dayan, Moshe, 1915
700 ## - ADDED ENTRY--PERSONAL NAME
Personal name Zinder, David
Holdings
Withdrawn status Lost status Damaged status Not for loan Permanent Location Current Location Date acquired Full call number Barcode Date last seen Price effective from Koha item type
        Indian Institute of Public Administration Indian Institute of Public Administration 1993-12-18 A99 D334 T299 56321 2018-07-21 2018-07-21 Book

Powered by Koha